Wszystkie języki na JetPunk - Statystyki

Ogólne statystyki
  • Ten quiz został rozwiązany 40 razy
  • Średni wynik to 15 z 26
Statystyki odpowiedzi
język % Poprawnych
Polski
100%
Angielski
91%
Hiszpański
88%
Niemiecki
82%
Rosyjski
82%
Portugalski
79%
Włoski
79%
Chiński
76%
Francuski
76%
Japoński
76%
Czeski
70%
Grecki
70%
Arabski
67%
Norweski
64%
Szwedzki
58%
Turecki
55%
Chorwacki
52%
Duński
48%
Serbski
45%
Bułgarski
39%
Niderlandzki
33%
Estonski
21%
Wietnamski
15%
Azerbejdżańsk
3%
Finlandzki
3%
Telugu
0%
Nie znaleziono quizów pasujących do podanych kryteriów
Rozkład punktacji
Procent ludzi z każdym wynikiem
Percentyl według liczby udzielonych odpowiedzi
Twoja historia wyników
Nie rozwiązałeś tego quizu